书目信息 |
| 题名: |
《大学英语》精读辅导3
|
|
| 作者: | 任永华 编著 | |
| 分册: | ||
| 出版信息: | 北京 宇航出版社 1998.10 |
|
| 页数: | 293页 | |
| 开本: | 32开 | |
| 丛书名: | ||
| 单 册: | ||
| 中图分类: | ||
| 科图分类: | ||
| 主题词: | 英语 | |
| 电子资源: | ||
| ISBN: | 7-80144-182-6 | |
| 000 | 00565nam0 2200205 45 | |
| 001 | 9911231682 | |
| 005 | 19991123163726.3 | |
| 010 | @a7-80144-182-6@d8.00元 | |
| 100 | @a19991123d1998 km y0chiy0120 ea | |
| 101 | @achi | |
| 105 | @a z 000yy | |
| 200 | 1 | @a《大学英语》精读辅导3@A《Da Xue Ying Yu》Jing DuFu Dao 3@f任永华编著@FRen Yong Hua Bian Zhu |
| 210 | @a北京@c宇航出版社@d1998.10 | |
| 215 | @a293页@d32开 | |
| 606 | 0 | @a英语 |
| 690 | @v3 | |
| 690 | @aH31 | |
| 701 | @a任永华@4编著 | |
| 801 | @aCN@bPFTUser@c19991123 | |
| 905 | @f3@b44665-667@dH31@eR335:3 | |
| 《大学英语》精读辅导3/任永华编著.-北京:宇航出版社,1998.10 |
| 293页;32开 |
| ISBN 7-80144-182-6:8.00元 |
| ● |
| 相关链接 |
|
|
|
正题名:《大学英语》精读辅导3
索取号:H31/R335:3
 
预约/预借
| 序号 | 登录号 | 条形码 | 馆藏地/架位号 | 状态 | 备注 |
| 1 | 44665 | 200446650 | 语言库209/209语言库 85排4列1层/ [索取号:H31/R335:3] | 在馆 | |
| 2 | 44666 | 200446669 | 语言库209/209语言库 85排4列1层/ [索取号:H31/R335:3] | 在馆 | |
| 3 | 44667 | 200446678 | 语言库209/209语言库 85排4列1层/ [索取号:H31/R335:3] | 在馆 |